| 000 | 00617nam a22001937a 4500 | ||
|---|---|---|---|
| 999 |
_c14411 _d14411 |
||
| 003 | AR-CdUCM | ||
| 008 | 190423b ||||| |||| 00| 0 spa d | ||
| 020 | _a978-607-404-855-1 | ||
| 040 |
_aMUNICIPALIDAD PROVINCIAL DEL CUSCO _cBIBLIOTECA MUNICIPAL DEL CUSCO |
||
| 082 |
_aPI / 800.7 / _bS93 |
||
| 245 | _a¿Qué acecha en la selva? / | ||
| 260 |
_aMéxico : _bThe clever factory, _c2012. |
||
| 300 |
_a8 páginas ; _bilustraciones, _c17 cm. |
||
| 650 |
_aPrimera infancia _924660 |
||
| 650 |
_aAnimales de la selva _933170 |
||
| 650 |
_aPrimera infancia _924660 |
||
| 942 |
_2ddc _cLIBROS |
||
| 945 |
_adavv _d23/04/2019 |
||